000 00574nam a22002057a 4500
005 20251108173132.0
008 250721s2002 xx 000 0 ara d
082 1 4 _a155.2/برو
100 1 _aبروتو، لويس
245 1 0 _aمن يشد خيوطك /
250 _aط 2
264 1 _aالرياض :
_bدار الهدى للنشر و التوزيع،
_c2002.
300 _a202ص
650 1 7 _aعلم النفس
650 1 7 _aالذات
650 1 7 _aالشخصية
700 1 _aالخياط، عبد اللطيف
_etran.
942 _2ddc
_cBK
999 _c96888
_d96888